Blíží se výrazná změna ve financování dodavatelského řetězce
Dodávateľské reťazce čaká výrazná zmena. Od budúceho roka budú musieť spoločnosti zverejňovať podmienky a veľkosť svojich SCF (Supply Chain Finance) programov v poznámkach k účtovnej závierke. IASB (Rada pre medzinárodné účtovné štandardy, ktorá je okrem iného zodpovedná za zverejňovanie IFRS) im zá...
Guardado en:
| Autor principal: | |
|---|---|
| Formato: | Capítulo de libro |
| Lenguaje: | checo |
| Materias: | |
| Etiquetas: |
Sin Etiquetas, Sea el primero en etiquetar este registro!
|
MARC
| LEADER | 00000naa a2200000 4500 | ||
|---|---|---|---|
| 001 | 0296884 | ||
| 005 | 20240417075252.1 | ||
| 041 | 0 | |a cze | |
| 044 | |a CZ | ||
| 245 | 1 | 0 | |a Blíží se výrazná změna ve financování dodavatelského řetězce |c Adam Šoukal |
| 520 | |a Dodávateľské reťazce čaká výrazná zmena. Od budúceho roka budú musieť spoločnosti zverejňovať podmienky a veľkosť svojich SCF (Supply Chain Finance) programov v poznámkach k účtovnej závierke. IASB (Rada pre medzinárodné účtovné štandardy, ktorá je okrem iného zodpovedná za zverejňovanie IFRS) im zároveň dôrazne doporučuje diverzifikovať poskytovateľov týchto programov. | ||
| 610 | 2 | 0 | |a reťazce dodávateľsko-odberateľské |
| 610 | 2 | 0 | |a financie |
| 610 | 2 | 0 | |a závierka účtovná |
| 610 | 2 | 0 | |a štandardy účtovné medzinárodné |
| 610 | 2 | 0 | |a diverzifikácia |
| 610 | 2 | 0 | |a firmy |
| 610 | 2 | 0 | |a Česko |
| 100 | 1 | |a Šoukal, Adam | |